000 00908cam a2200229 a 4500
001 000007953
005 20200929154350.0
008 830727s1990 pr 000 j spa
040 _aDO-SdBNP
_bspa
_cBNPHU
082 _aPR863.44
_bV422e, 1990
100 1 _aVega, Ana Lydia,
_d1946-
_915671
245 1 0 _aEncancaranublado y otros cuentos de naufragio /
_cAna Lydia Vega ; edición de Francisco M. Vázquez.
250 _a4a ed.
260 _aRío Piedras, Puerto Rico :
_bAntillana,
_c1990.
300 _a141 p. ;
_c18 cm.
490 1 _aCuadernos de Jacinto Colón : colección de joven narrativa puertorriqueña
590 _aAutografiado y dedicado por la autora.
650 4 _aCuentos puertorriqueños
_9249
650 4 _aLiteratura puertorriqueña
_9250
700 1 _aVázquez, Francisco M.,
_eed.
_921762
830 0 _aCuadernos de Jacinto Colón : colección de joven narrativa puertorriqueña.
_921763
999 _c7731
_d7731